Countries with the First Full-Color TV Channels - Statistics

General Stats
  • This quiz has been taken 272 times
  • The average score is 7 of 10
Answer Stats
Year Country % Correct
1950 United States
99%
1967 United Kingdom
97%
1966 Canada
95%
1967 Germany
90%
1960 Japan
87%
1963 Mexico
82%
1967 Netherlands
70%
1958 Cuba
41%
1966 Philippines
18%
1961 Belarus
5%
No matching quizzes found
Score Distribution
Percent of People with Each Score
Percentile by Number Answered
Your Score History
You have not taken this quiz